000 00674nam a2200229Ia 4500
008 220204s9999 xx 000 0 und d
082 _a581.1
_bJEN
245 0 _aIntegration of activity in the higher plant
260 _aCambridge
_bCambrdige University Press
_c1977
490 _aSymposia of the Society for experimental biology. No 31
650 _aApical dominance
650 _aCarbondioxide fixation
650 _aGrowth substance
650 _aHigher plant
650 _aIon content
650 _aLeaf metabolism
650 _aPhysiological rhythm
650 _aSolute transport
650 _aStomatal function
700 _aJENNINGS, D H
942 _cBK
999 _c27083
_d27083